Представление документа в формате RUSMARC

ПолеНазваниеЗначение
  Тип записи a
  Библиографический уровень a
001 Контрольный номер RU/CBS_UL/BASE/670937355
005 Дата корректировки 20240209175302.7
100 Данные общей обработки __
a Данные общей обработки 20210405d2021 ||| 0rusy0189 ca
101 Язык документа 0_
a Язык текста rus
102 Страна публикации __
a Страна публикации RU
105 Кодированные данные (монография) __
a Кодированные данные (монография) y###||||000|y
181 Поле кодированных данных: вид содержания _1
a Код вида содержания (ISBD) i#
b Код характеристики содержания (ISBD) #xxe##
d i
g x
h x
i e
182 Поле кодированных данных: тип средства _1
a Код типа средства (ISBD) n
2 Код системы (источник кода, отличный от ISBD) isbdmedia
200 Заглавие и сведения об ответственности 1_
a Заглавие Светлые денёчки. Великий пост
b Общее обозначение материала Текст
e Сведения, относящиеся к заглавию [о Великом посте, неделях поста]
w Текст (визуальный) : непосредственный
203 Вид содержания и тип средства __
a Вид содержания Текст
b Характеристика содержания визуальный
c Тип средства непосредственный
333 Примечание о целевом назначении __
a Примечание о целевом назначении 0+
461 Уровень набора _0
1 2000
a Православная радуга
463 Уровень физической единицы _0
1 001RU/CBS_UL/BASE/670936045
1 2000
a № 3
v С. 2-5
1 210
d 2021
606 Тематические рубрики 0_
a Основная рубрика Православие - Посты
610 Ключевые слова 0_
a Ключевые слова православие
610 Ключевые слова 0_
a Ключевые слова посты
610 Ключевые слова 0_
a Ключевые слова Великий пост
610 Ключевые слова 0_
a Ключевые слова Святой Иоанн Златоуст (иконы)
610 Ключевые слова 0_
a Ключевые слова Святая преподобная Мария Египетская (иконы)
610 Ключевые слова 0_
a Ключевые слова Вход Господень в Иерусалим (иконы)
610 Ключевые слова 0_
a Ключевые слова Святитель Василий Великий (иконы)
610 Ключевые слова 0_
a Ключевые слова Чистый понедельник (картины)
610 Ключевые слова 0_
a Ключевые слова Христос в пустыне (картины)
686 Индексы других классификаций __
a Классификационный индекс 86.372
2 Код системы rubbk
801 Источник записи _0
a Страна RU
b Организация МБУК ЦБС г. Ульяновска
c Дата составления 20210405
g Правила каталогизации RCR
801 Источник записи _1
a Страна RU
b Организация МБУК ЦБС г. Ульяновска
c Дата составления 20210405
g Правила каталогизации RCR
901 Тип документа __
t Тип документа b
w Контрольный № источника RU/CBS_UL/BASE/670936045
910 Корректоры записи __
a Корректор записи oibd3
938 Служебная информация __
a Имя БД period